| 000 | 00906cam a22002891 4500 | ||
|---|---|---|---|
| 001 | 25832 | ||
| 003 | BD-RjUL | ||
| 005 | 20211209050932.0 | ||
| 008 | 140319s1948 ii a b 001 0beng d | ||
| 035 | _a(BD-RjUL)25902 | ||
| 035 | _a(OCoLC)3078251 | ||
| 040 |
_aDLC _cFTaSU _dFTaSU _dDLC _dBD-RjUL _beng |
||
| 041 | _aeng | ||
| 082 | 0 | 0 |
_a954.0233 _bRAH 1948 |
| 100 | 1 |
_aRay, Sukumar _979365 |
|
| 245 | 0 | 0 |
_aHumāyūn in Persia / _cSukumar Ray |
| 260 |
_aCalcutta : _bRoyal Asiatic Society of Bengal, _c1948. |
||
| 300 |
_axvi, 113 p. : _bill. ; _c25 cm. |
||
| 490 | 1 |
_aRoyal Asiatic Society of Bengal. Monograph series, _vv. 6 |
|
| 504 | _aBibliography: p. 88-103. and Indes | ||
| 600 | 0 | 0 |
_aHumayun, _cEmperor of Hindustan, _d1508-1556. _979374 |
| 830 | 0 |
_vv. 6. _979375 |
|
| 830 | 0 |
_aAsiatic Society monograph series ; _979376 |
|
| 942 |
_2ddc _cBK |
||
| 999 |
_c25832 _d25832 |
||